Globalization: India nation, state and democracy (Record no. 403252)

000 -LEADER
fixed length control field 00449cam a22001577a 4500
008 - FIXED-LENGTH DATA ELEMENTS--GENERAL INFORMATION
fixed length control field 180718b2005 xxu||||| |||| 00| 0 eng d
020 ## - INTERNATIONAL STANDARD BOOK NUMBER
International Standard Book Number 8175412216
082 ## - DEWEY DECIMAL CLASSIFICATION NUMBER
Classification number T39x54 B469
100 ## - MAIN ENTRY--PERSONAL NAME
Personal name Bhambhri, C.P.
245 ## - TITLE STATEMENT
Title Globalization: India nation, state and democracy
Statement of responsibility, etc. by C.P. Bhambhri
260 ## - PUBLICATION, DISTRIBUTION, ETC.
Place of publication, distribution, etc. Delhi
Name of publisher, distributor, etc. Shipra
Date of publication, distribution, etc. 2005
300 ## - PHYSICAL DESCRIPTION
Extent 230p.
650 ## - SUBJECT ADDED ENTRY--TOPICAL TERM
Topical term or geographic name entry element Democracy - India
650 ## - SUBJECT ADDED ENTRY--TOPICAL TERM
Topical term or geographic name entry element Economic reforms - India
650 ## - SUBJECT ADDED ENTRY--TOPICAL TERM
Topical term or geographic name entry element Globalization - India
Holdings
Withdrawn status Lost status Damaged status Not for loan Permanent Location Current Location Date acquired Full call number Barcode Date last seen Price effective from Koha item type
        Indian Institute of Public Administration Indian Institute of Public Administration 2005-01-11 T39x54 B469 79858 2018-07-21 2018-07-21 Book

Powered by Koha